书目信息 |
| 题名: |
纤维素衍生物
|
|
| 作者: | 许冬生 编 | |
| 分册: | ||
| 出版信息: | 北京 化学工业出版社 2001 |
|
| 页数: | 155页 | |
| 开本: | 20cm | |
| 丛书名: | 新领域精细化工丛书 | |
| 单 册: | ||
| 中图分类: | O636.1 | |
| 科图分类: | ||
| 主题词: | 高分子化学 , 高聚物 , 纤维素酯 , 醚--有机化合物 | |
| 电子资源: | ||
| ISBN: | 7-5025-2921-7 | |
| 000 | 00690nam0 2200253 45 | |
| 001 | 0302180891 | |
| 005 | 20031219104103.7 | |
| 010 | @a7-5025-2921-7@dCNY15.00 | |
| 100 | @a20030218d2001 km y0chiy0120 ea | |
| 101 | 0 | @achi |
| 105 | @a z 000yy | |
| 200 | 1 | @a纤维素衍生物@AXian Wei Su Yan Sheng Wu@f许冬生编@FXu Dong Sheng Bian |
| 210 | @a北京@c化学工业出版社@d2001 | |
| 215 | @a155页@d20cm | |
| 225 | @a新领域精细化工丛书 | |
| 410 | @12001 @a新领域精细化工丛书 | |
| 606 | 0 | @a高分子化学 |
| 606 | 0 | @a高聚物 |
| 606 | 0 | @a纤维素酯 |
| 606 | 0 | @a醚@x有机化合物 |
| 690 | @aO636.1@v4 | |
| 701 | 0 | @a许冬生@4编 |
| 801 | @aCN@bTSTC@c20030218 | |
| 905 | @b319728-732@dO636.1@e34@f5 | |
| 纤维素衍生物/许冬生编.-北京:化学工业出版社,2001 |
| 155页;20cm.-(新领域精细化工丛书) |
| ISBN 7-5025-2921-7:CNY15.00 |
| ● |
| 相关链接 |
|
|
|
|
正题名:纤维素衍生物
索取号:O636.1/34
 
预约/预借
| 序号 | 登录号 | 条形码 | 馆藏地/架位号 | 状态 | 备注 |
| 1 | 0319728 | 203197281 | 第三借阅区/ [索取号:O636.1/34] | 在馆 | |
| 2 | 0319729 | 203197290 | 第三借阅区/ [索取号:O636.1/34] |
已借出,限还日期为2026.05.06 借出人:罗宝晶 |
|
| 3 | 0319730 | 203197307 | 第三借阅区/ [索取号:O636.1/34] | 在馆 | |
| 4 | 0319731 | 203197316 | 第三借阅区/ [索取号:O636.1/34] | 在馆 | |
| 5 | 0319732 | 203197325 | 第二样本阅览室/ [索取号:O636.1/34] | 在馆 |